|
|
|
|
| LEADER |
00978nas a2200253 u 4500 |
| 001 |
10029577 |
| 003 |
upatras |
| 005 |
20210117195720.0 |
| 008 |
970217s1994 us q p eng |
| 022 |
|
|
|a 1078-3482
|
| 040 |
|
|
|a GR-PaULI
|c GR-PaULI
|
| 041 |
0 |
|
|a eng
|
| 082 |
0 |
4 |
|a 004.1
|
| 222 |
|
0 |
|a The international journal of supercomputer applications and high performance computing
|b [Περιοδικό]
|
| 245 |
1 |
0 |
|a The international journal of supercomputer applications and high performance computing
|h [Περιοδικό]
|
| 246 |
1 |
3 |
|a Supercomputer applications and high performance computing. Supercomputer applications
|
| 260 |
|
|
|a Cambridge, MA
|b MIT Press
|
| 310 |
|
|
|a Τριμηνιαίο
|
| 362 |
0 |
|
|a 11(1997)
|
| 852 |
|
|
|a GR-PaULI
|b ΠΑΤΡΑ
|b ΒΚΠ
|b δ1
|k ΠΕΡ
|m 1659
|t 1
|3 11(1997)
|
| 866 |
|
|
|a 11(1997)
|
| 942 |
|
|
|2 ddc
|s 1
|c JNL
|
| 952 |
|
|
|0 0
|1 0
|4 0
|7 0
|9 23132
|a LISP
|b LISP
|c SER
|d 2016-04-24
|i 1659
|l 0
|r 2016-04-24 00:00:00
|t 1
|w 2016-04-24
|y JNL
|
| 999 |
|
|
|c 14471
|d 14471
|